[Event "Treviso op-D 1st"]
[Site "Treviso"]
[Date "2017.03.17"]
[Round "1.10"]
[White "Lamonti, Marco"]
[Black "Spinella, Rocio"]
[Result "1-0"]
[WhiteElo "1440"]
[BlackElo "1341"]
[PlyCount "71"]
[EventDate "2017.03.17"]
[EventType "swiss"]
[EventRounds "5"]
[EventCountry "ITA"]
[SourceTitle "EXT 2024"]
[Source "ChessBase"]
[SourceDate "2023.10.10"]
[SourceVersion "1"]
[SourceVersionDate "2023.10.10"]
[SourceQuality "1"]

1. d4 Nf6 2. c4 g6 3. Nc3 Bg7 4. e4 d6 5. f4 0-0 6. Be2 Nfd7 7. Nf3 e5 8. 0-0 exd4 9. Nxd4 Nc6 10. Be3 a6 11. Rc1 Qf6 12. Nd5 Qd8 13. Qd2 Nf6 14. Bf3 Be6 15. b4 Bxd5 16. cxd5 Ne7 17. Rc2 Rc8 18. Rfc1 Qd7 19. Rc3 c6 20. dxc6 bxc6 21. Qc2 Ne8 22. Rc4 Bxd4 23. Bxd4 Ng7 24. Bf6 Ne8 25. Bg4 Qa7+ 26. Bd4 c5 27. bxc5 Rb8 28. cxd6 Qb7 29. dxe7 Nd6 30. exf8Q+ Rxf8 31. Bc5 Rd8 32. Bxd6 Rxd6 33. Rc8+ Kg7 34. Qc3+ Kh6 35. Rg8 f6 36. Qh3# 1-0